[Event "Roosendaal op"]
[Site "Roosendaal"]
[Date "2011.08.20"]
[Round "3"]
[White "Kampman, Tijmen"]
[Black "Von Meijenfeldt, Bart"]
[Result "1-0"]
[WhiteElo "2111"]
[BlackElo "2154"]
[PlyCount "65"]
[EventDate "2011.08.19"]
[EventType "swiss"]
[EventRounds "6"]
[EventCountry "NED"]
[SourceTitle "CBM 143 Extra"]
[Source "ChessBase"]
[SourceDate "2011.08.29"]
[SourceVersion "1"]
[SourceVersionDate "2011.08.29"]
[SourceQuality "1"]

1. e4 c5 2. Nc3 d6 3. f4 Nf6 4. Nf3 g6 5. Bc4 Nc6 6. d3 Bg7 7. 0-0 0-0 8. Qe1 Nd4 9. Bb3 a5 10. Nxd4 cxd4 11. Ne2 a4 12. Bc4 d5 13. exd5 Nxd5 14. a3 Rb8 15. Ba2 b5 16. Bd2 Bb7 17. f5 Qd6 18. Ng3 Ne3 19. Bxe3 dxe3 20. Rb1 Rbc8 21. Qe2 Be5 22. c3 Bxg3 23. hxg3 Qxg3 24. d4 gxf5 25. d5 e6 26. Rf3 Qd6 27. Rd1 f4 28. dxe6 Qe5 29. exf7+ Kg7 30. Rh3 Rcd8 31. Qg4+ Kf6 32. Rh6+ Ke7 33. Qh4+ 1-0